El padre José Areso (Record no. 136840)

MARC details
000 -LEADER
campo de control de longitud fija 00665nam a2200193 i 4500
001 - NÚMERO DE CONTROL
campo de control 136840
003 - IDENTIFICADOR DE NÚMERO DE CONTROL
campo de control ES-MaACL
005 - FECHA Y HORA DE LA ÚLTIMA TRANSACCIÓN
campo de control 20260113171852.0
007 - CAMPO FIJO DE DESCRIPCIÓN FÍSICA--INFORMACIÓN GENERAL
campo de control de longitud fija t|
008 - DATOS DE LONGITUD FIJA--INFORMACIÓN GENERAL
campo de control de longitud fija 070214s1960 sp r ||||1| spa d
100 0# - ENTRADA PRINCIPAL--NOMBRE DE PERSONA
Nombre de persona Sagüés Azcona, Pío.
9 (RLIN) 101467
245 13 - MENCIÓN DEL TÍTULO
Título El padre José Areso
Resto del título : misionero y restaurador : (1797-1878) /
Mención de responsabilidad, etc. Pío Sagües Azcona ; prólogo de Marqués de Montesa.
260 ## - PUBLICACIÓN, DISTRIBUCIÓN, ETC.
Lugar de publicación, distribución, etc. Madrid :
Nombre del editor, distribuidor, etc. Cisneros,
Fecha de publicación, distribución, etc. 1960.
300 ## - DESCRIPCIÓN FÍSICA
Extensión 482 p., 3 lám. :
Otras características físicas il. ;
Dimensiones 23 cm.
600 17 - PUNTO DE ACCESO ADICIONAL DE MATERIA--NOMBRE DE PERSONA
Nombre de persona Areso, José,
Fechas asociadas al nombre 1797-1878
Fuente del encabezamiento o término
9 (RLIN) 165165
700 1# - ENTRADA AGREGADA--NOMBRE PERSONAL
Nombre de persona Marichalar, Antonio,
Fechas asociadas al nombre 1893-1973
9 (RLIN) 76704
852 ## - LOCALIZACIÓN
Ubicación ES-MaACL
Número de control de estantería C-21291
Sublocalización o colección R.49772
Holdings
Estatus retirado Estado de pérdida Estado de daño No para préstamo Biblioteca de origen Biblioteca actual Ubicación en estantería Fecha de adquisición Fuente de adquisición Total de préstamos Signatura topográfica completa Código de barras Visto por última vez Precio de reemplazo Tipo de ítem Koha
        Biblioteca del Ateneo de Madrid Biblioteca del Ateneo de Madrid Galería 17/01/2008     C-21291 1142408 23/02/2023 23/02/2023 Libro impreso